00739nam a2200205 a 450000100060000000300090000600800410001502000150005604000280007108200160009911000260011524500930014126000470023430000060028150000950028765000350038265000460041765000270046365000430049013962CO-ViMGA141112s2004 ck r 000 u spa d a9589206778 aCO-ViMGAbspacCO-ViMGA04a370.1 C659p aConvenio Andres Bello10aPensamiento pedagogico de los grandes educadores de los paises del Convenio Andres Bello aSantafé de Bogotá : bVoluntad, c1995 a2 aV.1 : Colombia - España - Panama - Venezuela. V.2 : Bolivia - Chile - Ecuador - Peru.. 14aAmérica LATINA - ENSEÑANZA14aMETODOS DE ENSEÑANZA - América LATINA14aMODELOS DE ENSEÑANZA14aPEDAGOGIA - ENSAYOS, CONFERENCIAS, ETC